00265nam a2200109Ia 4500008004100000041001200041082001100053100001900064245004900083260001600132650000700148221030s9999 xx 000 0 und d aEnglish a105.23 aRomi Gupta/317 0aGLADNI GRID STATION (520 MVA, 220/132/33MKV) aJammuc2001 aEE